Wsie w gminie sobienie-jeziory - Statystyki

Ogólne statystyki
  • Ten quiz został rozwiązany 2 razy
  • Średni wynik to 3 z 15
Statystyki odpowiedzi
Ohio Odpowiedż % Poprawnych
3 Sobienie jeziory
100%
13 Gyatburg
50%
5 Ohio
50%
14 Siedzów
50%
4 Warszawice
50%
12 Siurlandia
0%
1 Śniadków dolny
0%
2 Śniadków górny
0%
9 Sobienie kiełczewskie drugie
0%
10 Sobienie kiełczewskie pierwsze
0%
4 Sobienie szlacheckie
0%
11 Warszawa
0%
7 Zambrzyków nowy
0%
6 Zambrzyków stary
0%
8 Zuzanów
0%
Nie znaleziono quizów pasujących do podanych kryteriów
Rozkład punktacji
Procent ludzi z każdym wynikiem
Percentyl według liczby udzielonych odpowiedzi
Twoja historia wyników
Nie rozwiązałeś tego quizu